| 000 | 00716cab a2200229 4500 | ||
|---|---|---|---|
| 001 | ABS53310 | ||
| 008 | 090401t1995 xxu||||| |||| 00| 0 eng d | ||
| 035 | _a(Sirsi) u3447 | ||
| 041 | _aeng | ||
| 100 | _aEade, C. | ||
| 245 | _aStruggle for power | ||
| 260 | _c1995 | ||
| 350 | _a0 | ||
| 490 |
_aProperty Week _v52(10 6 July 1995, 20-21(2) |
||
| 520 | _aDiscusses the reasons why only two general practice surveyors were elected to RICS General Council following constitutional changes. | ||
| 650 | _aCONSTITUTIONAL REFORM | ||
| 650 | _aGENERAL PRACTICE SURVEYORS | ||
| 650 | _aRICS GENERAL COUNCIL | ||
| 690 | _aMANAGEMENT-BUSINESS MANAGEMENT-PROFESSIONAL PRACTICE | ||
| 942 | _n0 | ||
| 948 | _c04/03/1997 | ||
| 999 |
_c2118 _d2118 |
||